Culture Générale - Série 2576 - Statistiques

Statistiques générales
  • Ce quiz a été pris 130 fois
  • Le résultat moyen est 4 sur 10
Statistiques - réponses
Question Réponse % Correct
Dans quel sport peut-on rencontrer un "caddie" ? golf
86%
Quel nom donne-t-on aux petits restaurants lyonnais qui servent des spécialités locales ? bouchon
65%
Inscription funéraire, placée sur une pierre tombale ou un monument funéraire, afin de rappeler le souvenir de la personne morte épitaphe
57%
Comment appelle-t-on une bouteille d'une contenance de 1,5 litre ? magnum
57%
Grâce à quelles parties du corps les sauterelles émettent-elles des sons ? ailes
51%
Quel adjectif désigne une maladie contractée lors d'un séjour à l'hôpital ? nosocomiale
37%
Comment se prénommait la joueuse de tennis qui a remporté six fois le tournoi de Wimbledon entre 1919 et 1925 ? voir photo Suzanne
35%
Quelle ville a été rendue célèbre par Madeleine Paulmier grâce à une recette de gâteau ? Commercy
13%
Quel ancien coureur cycliste a été le premier présentateur de l'émission de télévision "Stade 2" de 1975 à 1985 ? prénom et nom Robert Chapatte
13%
Comment appelle-t-on la discipline qui étudie l'anatomie des muscles ? myologie
8%
Aucun quiz correspondant
Distribution des résultats
% des personnes avec chaque résultat
Percentile par nombre de réponses
Votre historique - résultats
Vous n’avez pas pris ce quiz